Hauptstädte nach Buchstabennummern - Statistiken

Allgemein
  • Dieses Quiz wurde 108 mal gespielt
  • Das Durchschnittsergebnis liegt bei 10 aus 15
Antwortstatistiken
Code Hauptstadt % Korrekt
1 13 19 20 5 18 4 1 13 Amsterdam
91%
8 1 14 15 9 Hanoi
91%
1 3 3 18 1 Accra
84%
13 2 1 2 1 14 5 Mbabane
78%
22 1 4 21 26 Vaduz
76%
13 15 14 18 15 22 9 1 Monrovia
72%
4 1 13 1 19 11 21 19 Damaskus
71%
19 5 15 21 12 Seoul
67%
19 20 15 3 11 8 15 12 13 Stockholm
66%
16 1 12 9 11 9 18 Palikir
65%
19 1 14 20 9 1 7 15 Santiago
65%
23 5 12 12 9 14 7 20 15 14 Wellington
59%
11 9 7 1 12 9 Kigali
56%
12 10 21 2 12 10 1 14 1 Ljubljana
52%
19 1 14 20 15 4 15 13 9 14 7 15 Santo Domingo
42%
Keine übereinstimmenden Quizze gefunden
Verteilung der Resultate
Anzahl Personen mit jedem Resultat
Perzentil nach korrekt beantworteten Fragen
Ihre Resultats-Entwicklung
Sie haben dieses Quiz noch nicht gespielt